000
00222nam a22000857a 4500
008
161112b xxu||||| |||| 00| 0 eng d
100
_9
1165
_a
Verma.R.
245
_a
Science, Phy, Chem, Bio,-X
260
_a
New Delhi
_b
S. chand
_c
2012
999
_c
3827
_d
3827